LEADER 01044nam--2200325---450- 001 990001145730203316 005 20030509114621.0 010 $a1-56676-559-5 035 $a000114573 035 $aUSA01000114573 035 $a(ALEPH)000114573USA01 035 $a000114573 100 $a20030506d--------km-y0itaa50------ba 101 0 $aENG 200 1 $aFundamentals of Polymer Science$ean introductory text$fPaul C.Painter, Michael M. Coleman 205 $aSecond Edition 210 $aBoca Raton$bCrc Press$ccopyr. 1997 215 $aIX, 478 p.$cill.$d22 cm 676 $a547.7 700 1$aPainter$bPaul C.$0546324 701 1$aColeman$bMichael M.$0546322 912 $a990001145730203316 951 $a547.7 PAN$b0026878 CBS$c547.7$d00111991 959 $aBK 979 $aDIGIUSEPPE$b90$c20030506$lUSA01$h1134 979 $aDIGIUSEPPE$b90$c20030509$lUSA01$h1144 979 $aDIGIUSEPPE$b90$c20030509$lUSA01$h1146 979 $aPATRY$b90$c20040406$lUSA01$h1720 996 $aFundamentals of polymer science$9980362 997 $aUNISA LEADER 01063nam0-22003371i-450- 001 990000495170403321 005 20080715110614.0 010 $a0-13-329003-4 035 $a000049517 035 $aFED01000049517 035 $a(Aleph)000049517FED01 035 $a000049517 100 $a20020821d1982----km-y0itay50------ba 101 0 $aeng 105 $aa-------001yy 200 1 $aFormal specification and software development$fDines Bjørner, Cliff B. Jones 210 $aEnglewood Cliffs, New Jersey ...[etc.]$cPrentice-Hall$d©1982 215 $a501 p.$cill.$d24 cm 225 1 $aPrentice-Hall international series in computer science 610 0 $aProgrammazione 610 0 $aCompatibilità dei software 676 $a005.133 700 1$aBjørner,$bDines$f<1937- >$0434385 701 1$aJones,$bCliff B.$026769 801 0$aIT$bUNINA$gRICA$2UNIMARC 901 $aBK 912 $a990000495170403321 952 $a10 P.T. 166$b1867 CCE$fDINEL 959 $aDINEL 996 $aFormal specification and software development$9333264 997 $aUNINA